LEADER 01788nam 2200337Ia 450 001 996393792103316 005 20210104171935.0 035 $a(CKB)4940000000118413 035 $a(EEBO)2240874351 035 $a(OCoLC)ocn226319879e 035 $a(OCoLC)226319879 035 $a(EXLCZ)994940000000118413 100 $a20080428d1651 uy 0 101 0 $aeng 135 $aurbn||||a|bb| 200 14$aThe Latine grammar fitted for the use of schools$b[electronic resource] $eWherein the words of Lilie's Grammar are (as much as might bee) reteined; many errors thereof amended; many needless things left out: many necessaries, that were wanting, supplied; and all things ordered in a method more agreeable to children's capacitie. /$fBy Charls Hoole, Mr of Arts, of Lincoln-Colledge in Oxford, sometimes schoolmaster of Rotherham in York-shire; and now teacher of a private grammar-school in Gold-smith's Alley, not far from Alders-gate and Cripple-gate, London. And (that nothing might bee wanting to the purpose) the English translation is set down on the contrarie page for the benefit of yong-learners [sic] 210 $aLondon $cPrinted by William Du-Gard; and are to bee sold by John Clark jun. at the lower end of Cheap-side entring into Mercers Chapel$dan. Dom. 1651 215 $a[1+] p 300 $aImperfect; title page only. 300 $aReproduction of original in the British Library. 330 $aeebo-0018 606 $aTitle pages$zEngland$vSpecimens 615 0$aTitle pages 700 $aHoole$b Charles$f1610-1667.$0793350 701 $aLily$b William$f1468?-1522.$0841046 801 0$bUMI 801 1$bUMI 906 $aBOOK 912 $a996393792103316 996 $aThe Latine grammar fitted for the use of schools$92313838 997 $aUNISA LEADER 01004nam a2200301 i 4500 001 991000831349707536 005 20020507102032.0 008 000317s1999 it ||| | ita 020 $a8873035787$c98000 035 $ab10135728-39ule_inst 035 $aLE00637572$9ExL 040 $aDip.to Fisica$bita 084 $a604.2'0285'5369 084 $a621.3.8 084 $aT385 100 1 $aGrabowski, Ralph$030415 245 10$aAutoCAD 2000 :$bguida completa /$cRalph Grabowski 260 $aMilano :$bApogeo,$c1999 300 $axxiv, 980 p. :$bill. ;$c24 cm. 500 $aCD-ROM allegato (include la versione trial di AutoCAD 2000). 650 4$aAutoCAD 650 4$aComputer graphics 907 $a.b10135728$b21-09-06$c27-06-02 912 $a991000831349707536 945 $aLE006 621.3.8 GRA$g1$i2006000080927$lle006$o-$pE0.00$q-$rl$s- $t0$u1$v0$w1$x0$y.i10160188$z27-06-02 996 $aAutoCAD 2000$9185281 997 $aUNISALENTO 998 $ale006$b01-01-00$cm$da $e-$fita$git $h0$i1